| 000 | 00942nam a2200277 i 4500 | ||
|---|---|---|---|
| 001 | bg | ||
| 245 | 1 | 0 |
_aDawne i nowe problemy społeczne : _bszkice do obrazu społeczeństwa polskiego u progu XXI stulecia : praca zbiorowa / _cpod red. Andrzeja Kojdera. |
| 260 |
_aWarszawa : _bKancelaria Sejmu, _c2002. |
||
| 300 |
_a176 s. ; _c21 cm. |
||
| 490 | 1 | _aPrace Studialne | |
| 504 | _aBibliogr. przy art. | ||
| 650 | 9 |
_aNierówności społeczne _zPolska _yod 1989 r. |
|
| 650 | 9 |
_aElita władzy _zPolska _yod 1999 r. |
|
| 650 | 9 |
_aBogactwo _zPolska _yod 1989 r. |
|
| 650 | 9 |
_aKorupcja _zPolska _yod 1989 r. |
|
| 650 | 9 |
_aPrzestępczość _zPolska _yod 1989 r. |
|
| 700 | 1 |
_aKOJDER, Andrzej. _eRed. |
|
| 830 | _aPrace Studialne | ||
| 020 | _a839093812X | ||
| 040 | _cBPK | ||
| 041 | 0 | _apol | |
| 080 | _a316.344:323.32:328.18:343.97](438)"1989/..." | ||
| 920 | _a83-909381-2-X | ||
| 942 | _cKS | ||
| 008 | s pl f |000 0 pol | ||
| 999 |
_c51945 _d51945 |
||
| 856 |
_uhttp://koha.tu.koszalin.pl/cgi-bin/koha/opac-detail.pl?biblionumber=51945 _yKatalog online BPK |
||